| 000 | 00824nam a22002057a 4500 | ||
|---|---|---|---|
| 003 | 0 | ||
| 005 | 20250109150638.0 | ||
| 008 | 250109b xxu||||| |||| 00| 0 eng d | ||
| 050 |
_aRJ 505 _b.Sa23 2023 |
||
| 100 | _aSalibio, Dabereth Baller | ||
| 245 |
_aThe effectiveness of art therapy program on the self-efficacy of children with reading disorders _cDabereth Baller-Salibio |
||
| 260 |
_aLas Piñas City _bSouthville International School and Colleges _c2023 |
||
| 300 |
_axiv, 178 pages ; _c29cm. |
||
| 504 | _aIncludes bibliographical references and index. | ||
| 650 | _aArt therapy for children—Evaluation. | ||
| 650 | _aReading disorders in children—Psychological aspects. | ||
| 650 | _aSelf-efficacy in children—Case studies. | ||
| 650 | _aChildren with disabilities—Rehabilitation. | ||
| 942 |
_2lcc _cTH |
||
| 999 |
_c366961 _d366961 |
||